El Conflicto colombiano: un problema latinoamericano de más de medio siglo sin una pronta solución /
Furkejuvvon:
| Váldodahkki: | |
|---|---|
| Materiálatiipa: | Texto |
| Fáttát: | |
| Fáddágilkorat: |
Lasit fáddágilkoriid
Eai fáddágilkorat, Lasit vuosttaš fáddágilkora!
|
MARC
| LEADER | 00000 a a2200000 04500 | ||
|---|---|---|---|
| 001 | 18565 | ||
| 003 | |||
| 040 | |||
| 100 | |a Molina Masís, César Augusto | ||
| 245 | |a El Conflicto colombiano: |b un problema latinoamericano de más de medio siglo sin una pronta solución / |c César Augusto Molina Masís | ||
| 650 | |a CONFLICTOS POLITICOS | ||
| 650 | |a REPRESION | ||
| 650 | |a CORRUPCION | ||
| 650 | |a TRAFICO DE DROGAS | ||
| 650 | |a MILITARISMO | ||
| 773 | |g número 39; páginas 83-88 | ||
| 999 | |c 33874 |d 33874 | ||
